| 000 | 00390nam a2200157Ia 4500 | ||
|---|---|---|---|
| 008 | 230524s9999 xx 000 0 und d | ||
| 082 |
_a621.38 _bJOH |
||
| 100 | _aCurtis D.Johnson | ||
| 245 | 0 | _aProcess Control Instrumentation Technology | |
| 250 | _a8TH | ||
| 260 |
_aNEW DELHI _bPHI _c2006 |
||
| 300 | _aX;657 | ||
| 500 | _aQuantity Number: 2 | ||
| 650 | _aElectronics | ||
| 942 | _cBK | ||
| 999 |
_c37041 _d37041 |
||